[Event "San Sebastian Constitucion op 11th"]
[Site "San Sebastian"]
[Date "2009.12.07"]
[Round "8"]
[White "Rial Rodriguez, Javier"]
[Black "Orellana Iglesias, Julio Jose"]
[Result "1-0"]
[WhiteElo "1786"]
[BlackElo "1816"]
[PlyCount "79"]
[EventDate "2009.11.30"]
[EventType "swiss"]
[EventRounds "9"]
[EventCountry "ESP"]
[SourceTitle "CBM 133 Extra"]
[Source "ChessBase"]
[SourceDate "2010.01.05"]
[SourceVersion "1"]
[SourceVersionDate "2010.01.05"]
[SourceQuality "1"]

1. e4 c6 2. d4 d5 3. Nc3 dxe4 4. Nxe4 Bf5 5. Ng3 Bg6 6. Nf3 Nf6 7. Bc4 Nbd7 8. 0-0 e6 9. Re1 Nd5 10. Bg5 Be7 11. Bxe7 Qxe7 12. Ne5 Nxe5 13. Rxe5 0-0 14. Nh5 Rad8 15. Qe2 Qh4 16. c3 Nf4 17. Nxf4 Qxf4 18. Rd1 Rd6 19. Re3 Rfd8 20. Bd3 Bxd3 21. Qxd3 g6 22. Rf3 Qg5 23. Qe3 Qxe3 24. fxe3 e5 25. Rf2 exd4 26. exd4 c5 27. Rfd2 cxd4 28. Rxd4 Rxd4 29. Rxd4 Rxd4 30. cxd4 f5 31. Kf2 g5 32. Ke3 Kf7 33. b3 Ke6 34. g3 Kd5 35. h3 h5 36. h4 f4+ 37. Kf3 fxg3 38. hxg5 h4 39. g6 Ke6 40. d5+ 1-0

[Event "San Sebastian Constitucion op 11th"]
[Site "San Sebastian"]
[Date "2009.12.05"]
[Round "6"]
[White "Rial Rodriguez, Javier"]
[Black "Mansilla Tolosa, Luis Eduardo"]
[Result "0-1"]
[WhiteElo "1786"]
[BlackElo "2099"]
[PlyCount "72"]
[EventDate "2009.11.30"]
[EventType "swiss"]
[EventRounds "9"]
[EventCountry "ESP"]
[SourceTitle "CBM 133 Extra"]
[Source "ChessBase"]
[SourceDate "2010.01.05"]
[SourceVersion "1"]
[SourceVersionDate "2010.01.05"]
[SourceQuality "1"]

1. e4 c5 2. c3 d6 3. d4 cxd4 4. cxd4 g6 5. Bc4 Bg7 6. Nf3 e6 7. Bg5 Ne7 8. 0-0 h6 9. Be3 0-0 10. Kh1 b6 11. Nc3 Bb7 12. Qc1 Kh7 13. Ng1 Nbc6 14. Nge2 Rc8 15. Bb3 Na5 16. Bc2 f5 17. exf5 Nxf5 18. Bf4 Nc6 19. Bxf5 exf5 20. Qd2 g5 21. Be3 Ne7 22. f3 Ng6 23. d5 Ne5 24. Nd4 Qe7 25. Ne6 Nc4 26. Qe2 Nxe3 27. Nxf8+ Rxf8 28. Rfe1 f4 29. Qd3+ Kh8 30. Rac1 a6 31. b3 Qf7 32. Ne4 Be5 33. Nc3 Qg7 34. Na4 Nxd5 35. Rcd1 b5 36. Qe4 Ne3 0-1

[Event "San Sebastian Constitucion op 10th"]
[Site "San Sebastian"]
[Date "2008.12.05"]
[Round "6"]
[White "Castejon Caballero, Natalia"]
[Black "Rial Rodriguez, Javier"]
[Result "1-0"]
[WhiteElo "2084"]
[BlackElo "1716"]
[PlyCount "37"]
[EventDate "2008.11.30"]
[EventType "swiss"]
[EventRounds "9"]
[EventCountry "ESP"]
[SourceTitle "CBM 127 Extra"]
[Source "ChessBase"]
[SourceDate "2009.01.08"]
[SourceVersion "2"]
[SourceVersionDate "2009.01.28"]
[SourceQuality "1"]

1. e4 d5 2. exd5 Nf6 3. d4 Nxd5 4. c4 Nf6 5. Nf3 Bf5 6. Be2 e6 7. 0-0 c5 8. Nc3 cxd4 9. Nxd4 Bg6 10. Bf3 Qc7 11. Qb3 Nbd7 12. Bxb7 Qc5 13. Bxa8 Qxd4 14. Be3 Qe5 15. Nb5 Ng4 16. g3 Nc5 17. Bc6+ Nd7 18. Bxd7+ Kxd7 19. Qd1+ 1-0

[Event "San Sebastian Constitucion op 10th"]
[Site "San Sebastian"]
[Date "2008.11.30"]
[Round "1"]
[White "Ramos Aldoradin, John Paul"]
[Black "Rial Rodriguez, Javier"]
[Result "1/2-1/2"]
[WhiteElo "2102"]
[BlackElo "1716"]
[PlyCount "89"]
[EventDate "2008.11.30"]
[EventType "swiss"]
[EventRounds "9"]
[EventCountry "ESP"]
[SourceTitle "CBM 127 Extra"]
[Source "ChessBase"]
[SourceDate "2009.01.08"]
[SourceVersion "2"]
[SourceVersionDate "2009.01.28"]
[SourceQuality "1"]

1. e4 d5 2. exd5 Nf6 3. Bb5+ Nbd7 4. Be2 Nxd5 5. d4 c6 6. c4 Nc7 7. Nf3 g6 8. Nc3 Bg7 9. Bf4 Ne6 10. Be3 Nf6 11. h3 0-0 12. Qd2 Ne8 13. Rd1 Nd6 14. Bh6 Qc7 15. Bxg7 Nxg7 16. 0-0 Be6 17. b3 Rad8 18. Qb2 Nh5 19. Ng5 Nf4 20. Nxe6 Nxe6 21. d5 Nf4 22. dxc6 Qxc6 23. Bf3 Qc8 24. Nd5 Nxd5 25. Bxd5 b6 26. Rd2 e6 27. Bf3 Nf5 28. Rfd1 Rxd2 29. Qxd2 Re8 30. g3 Kf8 31. g4 Ng7 32. Qd6+ Re7 33. Bc6 Ne8 34. Qe5 f6 35. Qe4 Rc7 36. Bxe8 Kxe8 37. g5 fxg5 38. Qe5 Kf7 39. Qxg5 Rc5 40. Qh4 Rh5 41. Qf4+ Rf5 42. Qh4 Rh5 43. Qf4+ Rf5 44. Qd4 Qe8 45. Kf1 1/2-1/2